Countries Metallica have visited - Statistics

General Stats
  • This quiz has been taken 13 times
  • The average score is 42 of 66
Answer Stats
Concerts by number Country % Correct
8 Russia
100%
1187 United States
100%
123 Canada
92%
4 China
92%
53 France
92%
130 Germany
92%
32 Italy
92%
27 Mexico
92%
106 United Kingdom
92%
57 Australia
85%
20 Brazil
85%
12 Ireland
85%
14 Portugal
85%
34 Spain
85%
10 Argentina
77%
34 Denmark
77%
4 Estonia
77%
20 Norway
77%
6 South Africa
77%
27 Sweden
77%
18 Switzerland
77%
6 Chile
69%
4 Colombia
69%
1 Croatia
69%
22 Finland
69%
1 India
69%
38 Japan
69%
2 Latvia
69%
2 Lithuania
69%
32 Netherlands
69%
10 New Zealand
69%
14 Poland
69%
5 South Korea
69%
5 Turkey
69%
1 Ukraine
69%
16 Austria
62%
25 Belgium
62%
4 Greece
62%
3 Indonesia
62%
1 Panama
62%
2 Peru
62%
1 Slovakia
62%
3 Bulgaria
54%
11 Czechia
54%
6 Hungary
54%
1 Philippines
54%
1 Qatar
54%
4 Romania
54%
1 Saudi Arabia
54%
1 Slovenia
54%
1 Bahrain
46%
2 Costa Rica
46%
2 Guatemala
46%
1 Iceland
46%
2 Serbia
46%
1 Thailand
46%
3 United Arab Emirates
46%
2 Venezuela
46%
3 Israel
38%
1 Malaysia
38%
1 Paraguay
38%
2 Ecuador
31%
3 Singapore
31%
1 Antartica
8%
1 Hong Kong (part of Cina)
0%
2 Puerto Rico (part of USA)
0%
No matching quizzes found
Score Distribution
Percent of People with Each Score
Percentile by Number Answered
Your Score History
You have not taken this quiz